000
00251nam a22001097a 4500
008
170118b xxu||||| |||| 00| 0 eng d
020
_a
315199
041
_a
eng
080
_a
618.2
245
_a
MODULES FOR BASIC NURSING SKILLS
_c
ELLIS
942
_2
udc
_c
BK
999
_c
3130
_d
3130